000 00645nam a2200229Ia 4500
008 160803s9999 xx 000 0 und d
020 _a0 439429838
100 _aDavies, Nicola
245 _aOne tiny turtle /
245 _cNicola Davies ; illustrated by Jane Chapman.
250 _a1st U.S. edition.
260 _aNew York :
260 _bScholastic Inc.
260 _c2001
300 _a29 pages :
300 _bcolor illustrations ;
300 _c26 cm
500 _aOriginally published: Cambridge, Mass. : Candlewick Press, c2001.
650 _aLoggerhead turtle --
650 _xJuvenile literature.
700 _a650
999 _c298908
_d298908